000 nam a22 4500
999 _c9097
_d9097
008 180410b ||||| |||| 00| 0 eng d
245 _aBetter marriages make for healthier hearts- study.
260 _aPhilippines
_bManila Bulletin
_cc2017
300 _apage 6.
650 0 _927254
_aMarriage.
942 _2ddc
_cPER